[Event "10. Forchheimer Sparkassen Open"]
[Site "Forchheim"]
[Date "2011.10.08"]
[Round "3.77"]
[White "Heinrich, Leon"]
[Black "Wegmann, Sven"]
[Result "0-1"]
[WhiteElo "1168"]
[BlackElo "1597"]
[PlyCount "104"]
[EventDate "2011.??.??"]

1. e4 {[%emt 0:00:00]} c5 2. f4 Nc6 3. Nf3 d6 4. Nc3 g6 5. Bc4 Bg7 6. d3 Nf6 7.
O-O Bg4 8. Be3 O-O 9. Qd2 Bxf3 10. Rxf3 Ng4 11. Raf1 Nxe3 12. Rxe3 Bd4 13. Ne2
Bxe3+ 14. Qxe3 Rb8 15. a3 b5 16. Ba2 a5 17. f5 Kg7 18. Rf3 Ne5 19. Rg3 a4 20.
Nf4 c4 21. Nh5+ Kh8 22. Qh6 Rg8 23. Nf4 Qf8 24. Qh4 g5 25. Rxg5 Rxg5 26. Qxg5
f6 27. Qh4 Qg7 28. Ne6 Nf3+ 29. Kf2 Nxh4 30. Nxg7 Kxg7 31. g3 Nxf5 32. exf5
cxd3 33. cxd3 Rc8 34. h4 Rc2+ 35. Ke3 Rxb2 36. Be6 b4 37. axb4 Rxb4 38. d4 a3
39. g4 Rb2 40. h5 a2 41. Bxa2 Rxa2 42. d5 Ra4 43. Kf3 Rd4 44. Kg3 Rxd5 45. Kf4
Re5 46. Kf3 d5 47. Kf4 d4 48. Kf3 d3 49. Kg3 d2 50. Kf3 d1=Q+ 51. Kg3 Qg1+ 52.
Kh4 Qh2# 0-1

[Event "10. Forchheimer Sparkassen Open"]
[Site "Forchheim"]
[Date "2011.10.08"]
[Round "3.78"]
[White "Meier, Hans"]
[Black "Seifert, Heinz"]
[Result "0-1"]
[WhiteElo "1167"]
[BlackElo "1562"]
[PlyCount "58"]
[EventDate "2011.??.??"]
[WhiteTeam "SV Aham"]
[BlackTeam "1.FC Schwarzenfeld e.V."]

1. e4 {[%emt 0:00:00]} c5 2. Nf3 d6 3. d4 cxd4 4. Nxd4 Nf6 5. Nc3 g6 6. Bc4 Bg7
7. Be3 O-O 8. Qd2 Nc6 9. O-O Ng4 10. Nxc6 bxc6 11. Rad1 Nxe3 12. Qxe3 Be6 13.
Bxe6 fxe6 14. f3 Qb6 15. Qxb6 axb6 16. a3 Bxc3 17. bxc3 Rxa3 18. Rd3 Rfa8 19.
c4 Kf7 20. f4 Rxd3 21. cxd3 Ra3 22. Rf3 b5 23. cxb5 cxb5 24. Kf1 b4 25. Ke2
Ra2+ 26. Kf1 b3 27. Kg1 Ra1+ 28. Rf1 b2 29. Rxa1 bxa1=Q+ 0-1

[Event "10. Forchheimer Sparkassen Open"]
[Site "Forchheim"]
[Date "2011.10.08"]
[Round "3.79"]
[White "Hasenstab, Rainer"]
[Black "Van Ginkel, Pieter"]
[Result "0-1"]
[WhiteElo "977"]
[BlackElo "2170"]
[PlyCount "80"]
[EventDate "2011.??.??"]

1. e4 {[%emt 0:00:00]} d6 2. d4 Nf6 3. Bd3 g6 4. Nd2 Bg7 5. c3 O-O 6. f3 e5 7.
d5 Nh5 8. g3 f5 9. Qe2 Nd7 10. b4 Ndf6 11. Bb2 fxe4 12. Bxe4 Bh6 13. Bc1 Bf5
14. g4 Bxe4 15. gxh5 Bf5 16. hxg6 Bxg6 17. c4 Nh5 18. Qf2 e4 19. Qg2 Nf4 20.
Qf1 Qf6 21. Rb1 e3 22. Ne4 Bxe4 23. Bb2 Qh4+ 24. Kd1 Bxb1 25. Ne2 Bd3 26. Rg1+
Kf7 27. Qe1 Bxe2+ 28. Kc2 Bd3+ 29. Kb3 Qxe1 30. Rxe1 e2 31. Bc3 Rae8 32. Rg1
Rg8 33. Rc1 Nxd5 34. Re1 Nxc3 35. Kxc3 Re3 36. Kd4 Rxf3 37. Kc3 Rg4 38. Kb2
Rxc4 39. Ka3 Be4+ 40. Ka4 Bc6+ 0-1

[Event "10. Forchheimer Sparkassen Open"]
[Site "Forchheim"]
[Date "2011.10.08"]
[Round "3.80"]
[White "Ziegler, Gerhard"]
[Black "Gentner, Markus"]
[Result "0-1"]
[WhiteElo "1073"]
[BlackElo "1948"]
[PlyCount "62"]
[EventDate "2011.??.??"]
[WhiteTeam "SC Kirchseeon e.V."]
[BlackTeam "SC Murrhardt 1948 e.V."]

1. e4 {[%emt 0:00:00]} c6 2. d4 d5 3. Nc3 dxe4 4. Nxe4 Nf6 5. Nxf6+ gxf6 6. Nf3
Bg4 7. Be2 Qc7 8. h3 Bh5 9. g4 Bg6 10. Bd3 Nd7 11. Bxg6 hxg6 12. Be3 O-O-O 13.
Qe2 e6 14. O-O-O Bd6 15. Kb1 Qa5 16. Bd2 Qb6 17. Bc3 Rhe8 18. g5 e5 19. Qd3 e4
20. Qe2 exf3 21. Qxf3 f5 22. h4 Qb5 23. Qd3 Qxd3 24. Rxd3 Re2 25. Rd2 Rde8 26.
Rxe2 Rxe2 27. f3 Nb6 28. b3 Nd5 29. Kb2 Nxc3 30. Kxc3 Re3+ 31. Kc4 b5# 0-1

[Event "10. Forchheimer Sparkassen Open"]
[Site "Forchheim"]
[Date "2011.10.08"]
[Round "3.81"]
[White "Killmann, Martin"]
[Black "Meier, Martin"]
[Result "1-0"]
[WhiteElo "1851"]
[BlackElo "1153"]
[PlyCount "47"]
[EventDate "2011.??.??"]

1. d4 {[%emt 0:00:00]} d5 2. c4 e6 3. Nc3 Nf6 4. cxd5 exd5 5. Bg5 Be7 6. e3 O-O
7. Bd3 Be6 8. Nf3 Bg4 9. Qb3 b6 10. Bxf6 Bxf3 11. Bxe7 Qxe7 12. gxf3 c6 13. Qc2
g6 14. h4 Nd7 15. h5 Nf6 16. hxg6 fxg6 17. O-O-O Qg7 18. Rdg1 Kh8 19. Bxg6 Ne4
20. fxe4 Rg8 21. exd5 cxd5 22. Rg3 Raf8 23. Bxh7 Qxh7 24. Rxh7# 1-0

[Event "10. Forchheimer Sparkassen Open"]
[Site "Forchheim"]
[Date "2011.10.08"]
[Round "3.82"]
[White "Kraus, Oliver"]
[Black "Wettermann, Bernd"]
[Result "0-1"]
[WhiteElo "1073"]
[BlackElo "1753"]
[PlyCount "54"]
[EventDate "2011.??.??"]
[WhiteTeam "SV Puschendorf 1949 e.V."]
[BlackTeam "FC Konradsreuth"]

1. e4 {[%emt 0:00:00]} e5 2. Nf3 Nc6 3. Nc3 Bc5 4. Bc4 d6 5. h3 Be6 6. Bb5 Nge7
7. d4 exd4 8. Nxd4 O-O 9. Bxc6 Nxc6 10. Nxc6 bxc6 11. O-O Qh4 12. Qf3 Rae8 13.
Be3 Bxe3 14. Qxe3 f5 15. b3 fxe4 16. Qxe4 Qg5 17. Qe3 Qg6 18. Qd3 Bf5 19. Qf3
Re5 20. g4 Bxg4 21. Qxg4 Rg5 22. Qg3 Rxg3+ 23. fxg3 Qxg3+ 24. Kh1 Qxh3+ 25. Kg1
Qxc3 26. Rxf8+ Kxf8 27. Rf1+ Ke7 0-1

[Event "10. Forchheimer Sparkassen Open"]
[Site "Forchheim"]
[Date "2011.10.08"]
[Round "3.83"]
[White "Siegl, Melina"]
[Black "Schilay, Eva"]
[Result "1-0"]
[WhiteElo "1735"]
[BlackElo "1052"]
[PlyCount "81"]
[EventDate "2011.??.??"]

1. e4 {[%emt 0:00:00]} e5 2. Nf3 Nc6 3. Bc4 Bc5 4. c3 Nf6 5. d3 d6 6. b4 Bb6 7.
Bb3 Be6 8. Bc2 Ng4 9. O-O Qd7 10. Ng5 h6 11. Nxe6 Qxe6 12. Nd2 f5 13. h3 Nf6
14. exf5 Qxf5 15. Nc4 O-O-O 16. a4 a6 17. Nxb6+ cxb6 18. b5 Ne7 19. c4 a5 20.
Be3 Nd7 21. Qe2 Nc5 22. d4 Ne4 23. f3 Ng3 24. Bxf5+ Ngxf5 25. dxe5 dxe5 26.
Bxb6 Rd6 27. c5 Rd5 28. Rfd1 Ng3 29. Qf2 Ngf5 30. Rxd5 Nxd5 31. Rd1 Nfe7 32.
Qe1 Kd7 33. Qxe5 Rg8 34. Rxd5+ Ke8 35. Rd8+ Kf7 36. Rxg8 Kxg8 37. Qxe7 Kh7 38.
c6 bxc6 39. bxc6 Kg8 40. Bd4 Kh7 41. Qxg7# 1-0

[Event "10. Forchheimer Sparkassen Open"]
[Site "Forchheim"]
[Date "2011.10.08"]
[Round "3.84"]
[White "Hummel, Thomas"]
[Black "Steindl, Horst"]
[Result "1-0"]
[WhiteElo "1734"]
[BlackElo "911"]
[PlyCount "49"]
[EventDate "2011.??.??"]
[WhiteTeam "TSV Dietfurt/Altm. e.V."]
[BlackTeam "SW Nürnberg Süd e.V."]

1. b4 {[%emt 0:00:00]} c6 2. Nf3 d5 3. e3 Nd7 4. Bb2 f6 5. c4 e5 6. cxd5 cxd5
7. Qb3 Nb6 8. a4 e4 9. Nd4 a6 10. a5 Nc4 11. Bxc4 dxc4 12. Qxc4 Qe7 13. Ba3 Qf7
14. Qc2 f5 15. Nc3 Be6 16. Nxe6 Qxe6 17. Qa4+ Qd7 18. Qxd7+ Kxd7 19. Nd5 Ne7
20. Nb6+ Ke6 21. Nxa8 g6 22. Nb6 Bg7 23. Rc1 Nd5 24. Nxd5 Kxd5 25. Rc7 1-0

[Event "10. Forchheimer Sparkassen Open"]
[Site "Forchheim"]
[Date "2011.10.08"]
[Round "3.85"]
[White "Grüninger, Maxim"]
[Black "Heinlein, Hans-Albert"]
[Result "0-1"]
[WhiteElo "867"]
[BlackElo "1430"]
[PlyCount "60"]
[EventDate "2011.??.??"]

1. e4 {[%emt 0:00:00]} e5 2. Nf3 d6 3. Bc4 h6 4. d3 Bg4 5. h3 Bh5 6. Nc3 Nf6 7.
Be3 a6 8. O-O Nc6 9. Nd5 Nxd5 10. Bxd5 Qd7 11. Bd2 O-O-O 12. Qe2 Nd4 13. Qe3
Bxf3 14. gxf3 c6 15. Bb3 Qxh3 16. Ba5 Rd7 17. Bc4 Nxf3+ 18. Qxf3 Qxf3 19. Rfe1
h5 20. Re3 Qg4+ 21. Rg3 Qf4 22. Rd1 h4 23. Bd2 Qf6 24. Bg5 Qg6 25. Bxh4 Qh5 26.
Rh3 Qxd1+ 27. Kg2 Qg4+ 28. Kh2 g5 29. Rg3 Qxh4+ 30. Kg2 Qh1# 0-1

[Event "10. Forchheimer Sparkassen Open"]
[Site "Forchheim"]
[Date "2011.10.08"]
[Round "3.86"]
[White "Dresel, Martin"]
[Black "Tschammer, Kai"]
[Result "1-0"]
[WhiteElo "1275"]
[BlackElo "759"]
[PlyCount "57"]
[EventDate "2011.??.??"]
[WhiteTeam "SC Erlangen 48/88 e.V."]
[BlackTeam "SC Erlangen 48/88 e.V."]

1. d4 {[%emt 0:00:00]} d5 2. c4 dxc4 3. Nf3 Nf6 4. Nc3 Bg4 5. e3 e6 6. Bxc4 Bb4
7. O-O O-O 8. Bd2 Nc6 9. Rc1 e5 10. Be2 Re8 11. dxe5 Nxe5 12. Nxe5 Bxe2 13.
Qxe2 Rxe5 14. Rfd1 Qd6 15. Be1 Qc6 16. Rd4 Rg5 17. f4 Bxc3 18. fxg5 Re8 19.
Rxc3 Qb6 20. Rcd3 c5 21. Rd6 Qc7 22. gxf6 gxf6 23. Rxf6 Qe5 24. Bc3 Qg5 25. Qf3
Qh4 26. Rxf7 Qg5 27. Rf4 Re7 28. Rd8+ Re8 29. Rxe8# 1-0

[Event "10. Forchheimer Sparkassen Open"]
[Site "Forchheim"]
[Date "2011.10.08"]
[Round "3.88"]
[White "Schilay, Maria"]
[Black "Emge, Albin"]
[Result "0-1"]
[WhiteElo "797"]
[BlackElo "1242"]
[PlyCount "82"]
[EventDate "2011.??.??"]
[WhiteTeam "SK Neumarkt e.V."]
[BlackTeam "SC Alzenau"]

1. e4 {[%emt 0:00:00]} e5 2. Nf3 Nc6 3. Bc4 Bc5 4. Nc3 Nf6 5. d3 O-O 6. Bg5 Be7
7. O-O d6 8. h3 a6 9. a4 Bd7 10. Nd5 Nxd5 11. Bxd5 Bxg5 12. c4 Bf6 13. Qb3 b6
14. Rad1 Na5 15. Qc3 Rb8 16. b4 Nb7 17. a5 c6 18. Bxc6 Bxc6 19. Rb1 b5 20. c5
Qe7 21. Ra1 dxc5 22. bxc5 Rfd8 23. Rfd1 h6 24. Rac1 Rbc8 25. Qb4 Bg5 26. Rc2
Bf6 27. Rdc1 Rxd3 28. Qb1 Bg5 29. Nxg5 Qxg5 30. Re2 Rdd8 31. Qc2 Be8 32. c6
Rxc6 33. Qb2 Rxc1+ 34. Qxc1 Qxc1+ 35. Kh2 Bc6 36. f3 Qf4+ 37. Kg1 Rd1+ 38. Kf2
Nc5 39. Re3 Nxe4+ 40. Rxe4 Bxe4 41. g3 Qxf3# 0-1

[Event "10. Forchheimer Sparkassen Open"]
[Site "Forchheim"]
[Date "2011.10.09"]
[Round "4.4"]
[White "Gegenfurtner, Jürgen"]
[Black "Andraschko, Felix"]
[Result "1/2-1/2"]
[WhiteElo "2252"]
[BlackElo "2057"]
[PlyCount "91"]
[EventDate "2011.??.??"]
[WhiteTeam "TSV Wacker Neutraubling"]
[BlackTeam "SC Leinfelden"]

1. e4 {[%emt 0:00:00]} c5 2. Nf3 Nc6 3. d4 cxd4 4. Nxd4 Nf6 5. Nc3 d6 6. Bg5
Bd7 7. Qd2 Rc8 8. O-O-O Nxd4 9. Qxd4 Qa5 10. Bd2 a6 11. Kb1 Qc5 12. Qxc5 Rxc5
13. f3 g6 14. Be3 Rc8 15. Bd4 Bg7 16. g4 O-O 17. h4 h6 18. Be2 Bc6 19. Rd2 Nd7
20. Bxg7 Kxg7 21. f4 Nc5 22. Bf3 f5 23. gxf5 gxf5 24. Rg1+ Kh7 25. Re2 fxe4 26.
Nxe4 Nxe4 27. Bxe4+ Bxe4 28. Rxe4 Rce8 29. a4 Rf7 30. Kc1 d5 31. Rd4 e6 32. Kd2
Rf5 33. c4 Re7 34. Rg3 dxc4 35. Rxc4 Rh5 36. Rg4 Rd5+ 37. Ke3 b5 38. axb5 Rxb5
39. Rg2 Rh5 40. Rg4 Rb5 41. Ke4 a5 42. Rg2 Rg7 43. Rcc2 Kg8 44. Rc8+ Kh7 45.
Rcc2 Kg8 46. Rc8+ 1/2-1/2

[Event "10. Forchheimer Sparkassen Open"]
[Site "Forchheim"]
[Date "2011.10.09"]
[Round "4.5"]
[White "Seitz, Hans"]
[Black "Neuman, Petr"]
[Result "0-1"]
[WhiteElo "1977"]
[BlackElo "2474"]
[PlyCount "35"]
[EventDate "2011.??.??"]
[WhiteTeam "SV Neustadt/Aisch 07"]
[BlackTeam "TSV Bindlach Aktionär-Schachabte"]

1. e4 {[%emt 0:00:00]} c5 2. Nf3 Nc6 3. d4 cxd4 4. Nxd4 Nf6 5. Nc3 d6 6. Bc4
Qb6 7. Nde2 e6 8. O-O a6 9. h3 Be7 10. Be3 Qc7 11. Bd3 b5 12. a3 O-O 13. Qe1
Rb8 14. f3 Nd7 15. Qf2 Nde5 16. Kh1 Re8 17. Rfd1 Bf8 18. Ba7 0-1

[Event "10. Forchheimer Sparkassen Open"]
[Site "Forchheim"]
[Date "2011.10.09"]
[Round "4.6"]
[White "Wissel, Daniel"]
[Black "Marholev, Dimitar"]
[Result "0-1"]
[WhiteElo "1762"]
[BlackElo "2353"]
[PlyCount "58"]
[EventDate "2011.??.??"]
[WhiteTeam "Schachfreunde Sailauf"]
[BlackTeam "SC 51 Nordhausen"]

1. e4 {[%emt 0:00:00]} e5 2. f4 exf4 3. Nf3 Be7 4. Bc4 Nf6 5. Nc3 Nxe4 6. Bxf7+
Kxf7 7. Nxe4 Rf8 8. d4 d5 9. Nf2 Kg8 10. O-O Bd6 11. Nd3 Bg4 12. c3 Nd7 13. Qb3
Nb6 14. Nfe5 Be2 15. Rxf4 Bxd3 16. Rxf8+ Kxf8 17. Nxd3 Qh4 18. Bf4 Bxf4 19.
Nxf4 c6 20. Rf1 Kg8 21. Ne6 Qg4 22. Nc5 Re8 23. Qd1 Qxd1 24. Rxd1 Re2 25. b3
Rxa2 26. Nxb7 Rc2 27. Rd3 Nd7 28. Re3 Nf6 29. Nd6 Rc1+ 0-1

[Event "10. Forchheimer Sparkassen Open"]
[Site "Forchheim"]
[Date "2011.10.09"]
[Round "4.7"]
[White "Mons, Leon"]
[Black "Kölbl, Wolfgang"]
[Result "1-0"]
[WhiteElo "2342"]
[BlackElo "1812"]
[PlyCount "97"]
[EventDate "2011.??.??"]
[WhiteTeam "SC Forchheim e.V."]
[BlackTeam "SK Klosterlechfeld"]

1. e4 {[%emt 0:00:00]} c6 2. d4 d6 3. f4 Qc7 4. Nf3 Bg4 5. Nc3 Nd7 6. Bc4 e6 7.
h3 Bxf3 8. Qxf3 d5 9. Bd3 dxe4 10. Nxe4 Ngf6 11. O-O Nxe4 12. Qxe4 Nf6 13. Qe2
O-O-O 14. Be3 g6 15. c4 Kb8 16. Rab1 c5 17. dxc5 Bxc5 18. b4 Bxe3+ 19. Qxe3 Rd7
20. Be2 Rhd8 21. Rfd1 Rxd1+ 22. Rxd1 Rxd1+ 23. Bxd1 Nd7 24. Qd4 e5 25. Qe4 Qd6
26. Bf3 Qd4+ 27. Qxd4 exd4 28. Bd5 f6 29. Kf2 a5 30. a3 axb4 31. axb4 Kc7 32.
Ke2 Nb8 33. Kd3 Na6 34. b5 Nc5+ 35. Kxd4 b6 36. Bg8 h6 37. Kd5 Kd7 38. Bf7 g5
39. fxg5 hxg5 40. Bg6 Na4 41. Bf5+ Kc7 42. Ke6 Nb2 43. Kxf6 Nxc4 44. Kxg5 Kd6
45. Kf6 Ne3 46. Be4 Kc5 47. g4 Kxb5 48. g5 Nc4 49. Bd3 1-0

[Event "10. Forchheimer Sparkassen Open"]
[Site "Forchheim"]
[Date "2011.10.09"]
[Round "4.8"]
[White "Häusler, Yannick"]
[Black "Heidrich, Manfred"]
[Result "0-1"]
[WhiteElo "1723"]
[BlackElo "2254"]
[PlyCount "72"]
[EventDate "2011.??.??"]
[WhiteTeam "Spvgg 1946 e.V. Stetten"]
[BlackTeam "SC Forchheim e.V."]

1. e4 {[%emt 0:00:00]} c5 2. Nf3 Nf6 3. Nc3 d5 4. exd5 Nxd5 5. Bb5+ Bd7 6.
Bxd7+ Qxd7 7. Nxd5 Qxd5 8. O-O Nc6 9. d3 e5 10. Re1 Be7 11. Bd2 f6 12. Bc3 O-O
13. Nd2 Rad8 14. Nc4 Rfe8 15. Qd2 Qd7 16. Rad1 b5 17. Nxe5 fxe5 18. Bxe5 Bf8
19. Bg3 c4 20. Bh4 Rc8 21. f3 cxd3 22. a3 Rxe1+ 23. Bxe1 Qd4+ 24. Bf2 Qxb2 25.
Qxd3 Rd8 26. Qe2 Rxd1+ 27. Qxd1 Qa2 28. g4 Qe6 29. Qc1 Qd5 30. Kg2 Bd6 31. Qe3
Kf8 32. c3 h6 33. Be1 Qc4 34. Qd2 Ke7 35. Qe3+ Kd7 36. Qd2 Qf4 0-1

[Event "10. Forchheimer Sparkassen Open"]
[Site "Forchheim"]
[Date "2011.10.09"]
[Round "4.9"]
[White "Wohlfahrt, Michael"]
[Black "Miller, Eduard"]
[Result "0-1"]
[WhiteElo "1709"]
[BlackElo "2153"]
[PlyCount "46"]
[EventDate "2011.??.??"]
[WhiteTeam "SAbt TSF Welzheim"]
[BlackTeam "SC Forchheim e.V."]

1. e4 {[%emt 0:00:00]} c5 2. Nf3 g6 3. c3 Bg7 4. d4 cxd4 5. cxd4 d5 6. e5 Bg4
7. Bb5+ Nc6 8. h3 Bxf3 9. Qxf3 Qb6 10. Bxc6+ bxc6 11. Qe3 Nh6 12. g4 O-O 13. f4
f6 14. O-O fxe5 15. fxe5 Rxf1+ 16. Kxf1 Rf8+ 17. Kg2 Nf7 18. Qc3 Nxe5 19. Nd2
g5 20. b4 Ng6 21. Nb3 Nh4+ 22. Kh2 Qc7+ 23. Kg1 Nf3+ 0-1

[Event "10. Forchheimer Sparkassen Open"]
[Site "Forchheim"]
[Date "2011.10.09"]
[Round "4.10"]
[White "Lodes, Hermann"]
[Black "Mann, Johannes"]
[Result "1-0"]
[WhiteElo "2040"]
[BlackElo "1728"]
[PlyCount "79"]
[EventDate "2011.??.??"]
[BlackTeam "SC Forchheim e.V."]

1. e4 {[%emt 0:00:00]} d6 2. d4 Nf6 3. Nc3 g6 4. g3 Bg7 5. Bg2 O-O 6. Nge2 e5
7. h3 Nc6 8. Be3 a6 9. a4 Ne7 10. O-O Nd7 11. Qd2 c6 12. a5 Qc7 13. f4 c5 14.
dxe5 dxe5 15. f5 Nc6 16. Nd5 Qd8 17. f6 Nxf6 18. Bg5 Nxe4 19. Bxe4 f6 20. Bxf6
Rxf6 21. Nxf6+ Bxf6 22. Qxd8+ Bxd8 23. Bd5+ Kg7 24. Rf7+ Kh6 25. Bxc6 bxc6 26.
Rf8 Bg5 27. Raf1 c4 28. R1f7 Be6 29. Rxa8 Bxf7 30. Rxa6 Bd5 31. Ra8 Be4 32. c3
Be3+ 33. Kf1 Bf5 34. g4 Bd3 35. h4 Kg7 36. a6 Be4 37. g5 Bb6 38. Rb8 Be3 39.
Rb7+ Kg8 40. a7 1-0

[Event "10. Forchheimer Sparkassen Open"]
[Site "Forchheim"]
[Date "2011.10.09"]
[Round "4.11"]
[White "Seidenschwarz, Holger"]
[Black "Meulner, Fabian"]
[Result "1/2-1/2"]
[WhiteElo "2018"]
[BlackElo "1714"]
[PlyCount "67"]
[EventDate "2011.??.??"]
[WhiteTeam "SC 1947 Beilngries"]
[BlackTeam "SW Nürnberg Süd e.V."]

1. e4 {[%emt 0:00:00]} c6 2. d4 d5 3. Nc3 dxe4 4. Nxe4 Nf6 5. Nxf6+ gxf6 6. c3
Bf5 7. Nf3 e6 8. g3 Bd6 9. Bg2 Qc7 10. Qe2 Qe7 11. a4 a5 12. Be3 Na6 13. O-O
Bg4 14. Rfe1 h5 15. Qc4 Bxf3 16. Bxf3 Nc7 17. Rad1 Nd5 18. Bc1 h4 19. Bxd5 cxd5
20. Qb5+ Kf8 21. Qe2 hxg3 22. hxg3 Qc7 23. Kg2 Ke7 24. Rh1 Rag8 25. Rxh8 Rxh8
26. Rh1 Rxh1 27. Kxh1 Qc6 28. Qc2 b5 29. axb5 Qxb5 30. Kg2 a4 31. Qd1 Qa6 32.
Qf1 Qa5 33. Qe2 a3 34. bxa3 1/2-1/2

[Event "10. Forchheimer Sparkassen Open"]
[Site "Forchheim"]
[Date "2011.10.09"]
[Round "4.12"]
[White "Liepold, Stefan"]
[Black "Steppuhn, Thomas"]
[Result "1/2-1/2"]
[WhiteElo "2236"]
[BlackElo "1957"]
[PlyCount "59"]
[EventDate "2011.??.??"]
[WhiteTeam "SC Erlangen 48/88 e.V."]
[BlackTeam "SC Bavaria Regensb.1881"]

1. e4 {[%emt 0:00:00]} e6 2. d4 b6 3. Nf3 Bb7 4. Bd3 Nf6 5. Qe2 c5 6. c3 cxd4
7. cxd4 Bb4+ 8. Nc3 d5 9. e5 Ne4 10. O-O Nxc3 11. bxc3 Be7 12. Bd2 Qc8 13. Ne1
Ba6 14. Qg4 g6 15. Qh3 Bxd3 16. Nxd3 O-O 17. Bh6 Re8 18. Nf4 Bf8 19. Rad1 Nd7
20. Rd3 Qd8 21. Rg3 Bxh6 22. Qxh6 Qe7 23. Nh5 Qf8 24. Qg5 Kh8 25. Nf6 Nxf6 26.
exf6 h5 27. Re1 Kh7 28. Qh4 Qh6 29. Rg5 Rac8 30. Re3 1/2-1/2

[Event "10. Forchheimer Sparkassen Open"]
[Site "Forchheim"]
[Date "2011.10.09"]
[Round "4.13"]
[White "Löw, Gerald"]
[Black "Lais, Thomas"]
[Result "0-1"]
[WhiteElo "2215"]
[BlackElo "1919"]
[PlyCount "66"]
[EventDate "2011.??.??"]
[WhiteTeam "TSV Bindlach Aktionär-Schachabte"]
[BlackTeam "SW Nürnberg Süd e.V."]

1. c4 {[%emt 0:00:00]} Nf6 2. g3 g6 3. Bg2 d5 4. cxd5 Nxd5 5. Qb3 c6 6. e4 Nf6
7. Ne2 Bg7 8. d4 O-O 9. Nbc3 Qb6 10. Qc2 Na6 11. a3 e5 12. dxe5 Ng4 13. O-O Be6
14. b4 Rfd8 15. h3 Nxe5 16. Be3 Qc7 17. Rfd1 Nc4 18. Bd4 Be5 19. Kh2 Kg7 20.
Qc1 c5 21. Bxe5+ Qxe5 22. b5 Nc7 23. f4 Rxd1 24. Nxd1 Qh5 25. g4 Qh4 26. f5 Ne5
27. Qc3 f6 28. fxe6 Nxe6 29. Qg3 Qg5 30. Ne3 Rd8 31. h4 Qxe3 32. Qxe3 Nxg4+ 33.
Kg3 Nxe3 0-1

[Event "10. Forchheimer Sparkassen Open"]
[Site "Forchheim"]
[Date "2011.10.09"]
[Round "4.14"]
[White "Auburger, Philipp"]
[Black "Heimrath, Reiner"]
[Result "1/2-1/2"]
[WhiteElo "1919"]
[BlackElo "2201"]
[PlyCount "153"]
[EventDate "2011.??.??"]
[WhiteTeam "SC Forchheim e.V."]
[BlackTeam "SC Noris-Tarrasch Nürnberg 1873"]

1. e4 {[%emt 0:00:00]} g6 2. d4 Bg7 3. Nf3 a6 4. Bd3 d6 5. O-O Bg4 6. c3 Nf6 7.
h3 Bxf3 8. Qxf3 e5 9. Bg5 h6 10. Bh4 Nc6 11. d5 Nb8 12. Nd2 Nbd7 13. b4 O-O 14.
Nc4 b6 15. Qe2 Qc8 16. a4 Nh5 17. g3 a5 18. Ra2 Qe8 19. Ne3 f5 20. Qf3 f4 21.
Ng4 g5 22. Bb5 fxg3 23. Bxd7 Rxf3 24. Bxe8 Rxe8 25. Bxg3 Rxc3 26. bxa5 bxa5 27.
Kg2 Rb8 28. Ne3 Rb4 29. Nf5 Rxe4 30. Rb1 Rcc4 31. Rb8+ Kf7 32. Rb7 Nf4+ 33.
Bxf4 exf4 34. Nxd6+ Kg6 35. Nxe4 Rxe4 36. Rxc7 Rd4 37. Rc5 Rd3 38. f3 Bc3 39.
Re2 h5 40. Rc2 Bb4 41. Rb5 g4 42. hxg4 hxg4 43. fxg4 Kg5 44. Rc8 f3+ 45. Kf2
Bd6 46. Rd8 Bf4 47. Rxa5 Kh4 48. Rh8+ Kxg4 49. Rg8+ Kf5 50. Rf8+ Ke4 51. Re8+
Kd4 52. Raa8 Bg5 53. Rh8 Kc3 54. a5 Bf6 55. Rac8+ Kd2 56. Rh2 Bd4+ 57. Kf1+ Ke3
58. Re8+ Kf4 59. Re1 Bc3 60. a6 Bxe1 61. Kxe1 Re3+ 62. Kf1 Ra3 63. Rh6 Ra5 64.
d6 Rxa6 65. d7 Ra1+ 66. Kf2 Ra2+ 67. Kf1 Rd2 68. Rf6+ Kg3 69. Rg6+ Kf4 70. Rf6+
Ke4 71. Rf7 Rd3 72. Re7+ Kf4 73. Rf7+ Kg4 74. Rg7+ Kf5 75. Rf7+ Ke6 76. d8=Q
Rxd8 77. Rxf3 1/2-1/2

[Event "10. Forchheimer Sparkassen Open"]
[Site "Forchheim"]
[Date "2011.10.09"]
[Round "4.15"]
[White "Nagy, Laura"]
[Black "Klek, Hanna-Marie"]
[Result "1-0"]
[WhiteElo "1909"]
[BlackElo "2160"]
[PlyCount "89"]
[EventDate "2011.??.??"]
[WhiteTeam "ASK St. Valentin"]
[BlackTeam "SC Erlangen 48/88 e.V."]

1. e4 {[%emt 0:00:00]} g6 2. Nc3 Bg7 3. g3 d6 4. Bg2 c5 5. d3 Nc6 6. Nge2 e6 7.
Be3 Nd4 8. O-O Ne7 9. Qd2 O-O 10. Nd1 Rb8 11. Nc1 b5 12. c3 Ndc6 13. Bh6 e5 14.
Bxg7 Kxg7 15. Ne2 Qb6 16. Ne3 b4 17. c4 Nd4 18. f4 exf4 19. Nxf4 Qd8 20. Nfd5
Ng8 21. Nc2 Nxc2 22. Qxc2 Be6 23. Nf4 Qg5 24. Rf2 Bd7 25. b3 Qe5 26. Qb2 Qxb2
27. Rxb2 Ne7 28. d4 a5 29. Rd1 Bg4 30. Rdd2 a4 31. h3 Be6 32. Nxe6+ fxe6 33.
bxa4 Ra8 34. dxc5 dxc5 35. Rd7 Kf7 36. e5 Rfd8 37. Rd6 Rac8 38. Rf2+ Kg7 39.
Rxe6 Rc7 40. Rd6 Rdc8 41. g4 Ra7 42. e6 Rcc7 43. Rf7+ Kh6 44. h4 g5 45. h5 1-0

[Event "10. Forchheimer Sparkassen Open"]
[Site "Forchheim"]
[Date "2011.10.09"]
[Round "4.16"]
[White "Hilverda, Alexander"]
[Black "Mager, Denis"]
[Result "1-0"]
[WhiteElo "2150"]
[BlackElo "1895"]
[PlyCount "43"]
[EventDate "2011.??.??"]
[WhiteTeam "Gütersloher Schachverein von 192"]
[BlackTeam "SAbt TuS Makkabi Ffm"]

1. d4 {[%emt 0:00:00]} d5 2. c4 c6 3. Nf3 Nf6 4. Nc3 Bf5 5. Qb3 Qb6 6. c5 Qxb3
7. axb3 Nbd7 8. Bf4 Ne4 9. b4 f6 10. e3 g5 11. Bg3 h5 12. b5 h4 13. Bc7 g4 14.
bxc6 bxc6 15. Nd2 Bh6 16. Ndxe4 Bxe4 17. Nxe4 dxe4 18. Ba6 O-O 19. Bb7 Rae8 20.
Bxc6 Rc8 21. Rxa7 Nb8 22. Bxe4 1-0

[Event "10. Forchheimer Sparkassen Open"]
[Site "Forchheim"]
[Date "2011.10.09"]
[Round "4.17"]
[White "Luther, Helmut"]
[Black "Krauß, Josef"]
[Result "1/2-1/2"]
[WhiteElo "1881"]
[BlackElo "2135"]
[PlyCount "98"]
[EventDate "2011.??.??"]
[WhiteTeam "SW Nürnberg Süd e.V."]
[BlackTeam "SV Würzburg von 1865 e.V."]

1. d4 {[%emt 0:00:00]} d5 2. Nf3 Nf6 3. g3 c6 4. Bg2 Bf5 5. O-O e6 6. c4 h6 7.
Nc3 Be7 8. b3 O-O 9. Bb2 Nbd7 10. Rc1 Ne4 11. Nd2 Nxc3 12. Rxc3 Qa5 13. e4 dxe4
14. Nxe4 Qxa2 15. Bc1 Qa5 16. Re3 Rfd8 17. g4 Bh7 18. Rh3 f5 19. gxf5 Qxf5 20.
Ng3 Qd3 21. Qg4 Bf5 22. Nxf5 Qxf5 23. Qg3 Kh7 24. Re1 Nf6 25. Qc3 Qg4 26. Qc2+
Qg6 27. Qxg6+ Kxg6 28. Rxe6 Kf7 29. Rhe3 Bf8 30. Bb2 Rd6 31. Rxd6 Bxd6 32. Bh3
Re8 33. Rxe8 Nxe8 34. Bc8 b6 35. Bd7 Nf6 36. Bxc6 Ke6 37. d5+ Ke7 38. Bxf6+
Kxf6 39. h3 Ke5 40. Be8 a5 41. Kf1 Be7 42. Ke2 Kd6 43. f4 Bf6 44. Kd3 Ba1 45.
Ke4 Bf6 46. Kf5 Ba1 47. Kg6 Bf6 48. Kf7 Bc3 49. Bb5 Bf6 1/2-1/2

[Event "10. Forchheimer Sparkassen Open"]
[Site "Forchheim"]
[Date "2011.10.09"]
[Round "4.18"]
[White "Martin Fernandez, Rodrigo"]
[Black "Dürr, Florian"]
[Result "1-0"]
[WhiteElo "2104"]
[BlackElo "1869"]
[PlyCount "81"]
[EventDate "2011.??.??"]
[WhiteTeam "SC Erlangen 48/88 e.V."]
[BlackTeam "SC Erlangen 48/88 e.V."]

1. d4 {[%emt 0:00:00]} Nf6 2. Nf3 g6 3. g3 Bg7 4. Bg2 O-O 5. O-O d5 6. Nbd2 c5
7. c3 Nc6 8. dxc5 e5 9. b4 a6 10. Bb2 Qc7 11. e3 Bf5 12. Qe2 Rfe8 13. Rfc1 Rad8
14. h3 Be4 15. Nxe4 Nxe4 16. Qc2 f5 17. Rd1 Qf7 18. a3 Rd7 19. Nd2 Red8 20.
Nxe4 dxe4 21. Rxd7 Qxd7 22. Bf1 Bh6 23. Re1 Qd2 24. Qxd2 Rxd2 25. Bc4+ Kf8 26.
Re2 Rd1+ 27. Kg2 Bg7 28. Bb3 Rd3 29. Bc2 Ke7 30. Kf1 Bf6 31. Ke1 Ke6 32. Rd2
Rxd2 33. Kxd2 Bd8 34. Bb3+ Kd7 35. Bd5 b6 36. cxb6 Bxb6 37. c4 Bc7 38. c5 Ne7
39. Bc4 a5 40. b5 Bb8 41. a4 1-0